000 00663nam a22001937a 4500
005 20250320112108.0
010 _aENG-144122
020 _a9789390670666
_c290.00
035 _aEN-127654
037 _bDBAD
082 _a881
100 _aSekulic, Meja Herman
_979774
245 _aThe Digital Galaxy/
_cMeja Herman Sekulic [and] translated by... Viktor Radun Teon
260 _aGurugram
_bEarth Vision Publications
_c2024
270 _aH-23/16, DLF Phase-I, Gurugram
_bHaryana
_e122002
_mearthvisionpublications@gmail.com
300 _axiv;117p.
_c21 cm(Pb)
700 _aViktor Radun Teon
_976691
_eTranslator
942 _2ddc
_cEN
_h881
_mSEK
999 _c210385
_d210385